000 01120cam a2200313 a 4500
001 15499851
003 OSt
005 20140310182743.0
008 081027s2009 maua b 000 0 eng
010 _a 2008043392
015 _aGBA901883
_2bnb
016 7 _a014865824
_2Uk
020 _a9781422128831 (pbk. : alk. paper)
020 _a1422128830 (pbk. : alk. paper)
035 _a(OCoLC)ocn264667418
040 _aDLC
_cDLC
_dBTCTA
_dUKM
_dYDXCP
_dC#P
_dBWX
_dCDX
_dDLC
050 0 0 _aHF 5549.5.R3
_b.P454 2009
245 0 0 _aPerformance appraisal :
_bexpert solutions to everyday challenges./
260 _aBoston, Mass. :
_bHarvard Business Press,
_cc2009.
300 _ax, 73 p. :
_bill. ;
_c18 cm.
490 1 _aPocket mentor series
521 _aBSBA
650 0 _aPerformance appraisal
830 0 _aPocket mentor series.
906 _a7
_bcbc
_corignew
_d1
_eecip
_f20
_gy-gencatlg
942 _2lcc
_cBK
_kFOR
999 _c15595
_d15595